[Event "Enger Knappen Cup op-B"]
[Site "Enger"]
[Date "2010.12.28"]
[Round "3"]
[White "Tannebaum, Guenter"]
[Black "Kerksieck, Frederic"]
[Result "0-1"]
[WhiteElo "1604"]
[BlackElo "1425"]
[PlyCount "78"]
[EventDate "2010.12.27"]
[EventType "swiss"]
[EventRounds "7"]
[EventCountry "GER"]
[SourceTitle "CBM 140 Extra"]
[Source "ChessBase"]
[SourceDate "2011.03.01"]
[SourceVersion "1"]
[SourceVersionDate "2011.03.01"]
[SourceQuality "1"]

1. d4 d5 2. Nf3 Nf6 3. e3 Bf5 4. c4 e6 5. Qb3 b6 6. Nc3 Nc6 7. Ne5 Nb4 8. Qa4+ Nd7 9. e4 dxe4 10. Be3 Nd3+ 11. Nxd3 exd3 12. g3 a5 13. Bg2 Ra7 14. a3 Be7 15. 0-0 0-0 16. Nb5 Ra6 17. Rad1 e5 18. Bc6 exd4 19. Nxd4 Bh3 20. Rfe1 Nc5 21. Qb5 a4 22. Bd2 Bf6 23. Nf3 Qd6 24. Bf4 Qd8 25. Re3 Bg4 26. Qb4 Nb3 27. Rexd3 Qe7 28. Qxe7 Bxe7 29. Kg2 Ra7 30. Bd7 Bxf3+ 31. Kxf3 Rd8 32. Bc6 Nc5 33. R3d2 Bf6 34. g4 h6 35. h4 g5 36. hxg5 hxg5 37. Bg3 Nb3 38. Rd3 Nd4+ 39. Kg2 Nxc6 0-1

[Event "Lippe Cup 03rd"]
[Site "Lieme"]
[Date "2006.10.07"]
[Round "2"]
[White "Kerksieck, Frederic"]
[Black "Jakubowski, Adrian David"]
[Result "0-1"]
[WhiteElo "971"]
[BlackElo "1340"]
[PlyCount "64"]
[EventDate "2006.10.06"]
[EventType "swiss"]
[EventRounds "5"]
[EventCountry "GER"]
[SourceTitle "EXT 2012"]
[Source "ChessBase"]
[SourceDate "2011.11.24"]
[SourceVersion "1"]
[SourceVersionDate "2011.11.24"]
[SourceQuality "1"]

1. e4 e5 2. Bc4 Nc6 3. Nf3 Nf6 4. d4 exd4 5. Nxd4 Nxd4 6. Qxd4 d6 7. Bg5 Be7 8. 0-0 0-0 9. Bd3 Be6 10. Nc3 h6 11. Bh4 c6 12. e5 dxe5 13. Qxe5 Qd7 14. Rad1 Qe8 15. Ne4 Nxe4 16. Qxe4 g6 17. Rfe1 Bxh4 18. Qxh4 Kh7 19. Bc4 Rd8 20. h3 Rxd1 21. Rxd1 Bxc4 22. Qxc4 Qe7 23. Qd4 Re8 24. Qxa7 Qe2 25. Rf1 Re7 26. Qc5 Rd7 27. Qf8 Qxc2 28. Re1 Qxb2 29. Re8 Qc1+ 30. Kh2 Qf4+ 31. g3 Qxf2+ 32. Kh1 Rd1+ 0-1